000 00579nam a22001817a 4500
005 20250219111247.0
010 _aENG-143860
020 _a9789352102631
_c800.00
035 _aEN-127392
037 _bDBAD/PUB
082 _a181.499
245 _aOur Divine Destiny
_cCompied by A.s. Dalal
260 _aPondicherry
_bCompiled by A.S.Dalal
_c2023
270 _ashi Aurobindo Ashram Publication Department
_bPondicherry
_mhtt://www.sabda.in
_e605002
300 _a91p.
_c18cm(pbk)
700 _aComplied by Dalal A.S.
_977984
942 _2ddc
_cEN
_h181.499
_mOUR
999 _c209344
_d209344